[Event "6th Parsvnath Open"]
[Site "New Delhi IND"]
[Date "2008.01.14"]
[Round "3"]
[White "Vishnu,P"]
[Black "Swayams,M"]
[Result "1-0"]
[WhiteElo "2340"]
[BlackElo "2214"]

1.e4 e5 2.Nf3 Nc6 3.Bb5 a6 4.Ba4 Nf6 5.O-O Be7 6.Re1 b5 7.Bb3 O-O 8.h3 d6
9.c3 Nb8 10.d4 Nbd7 11.Nbd2 Bb7 12.Bc2 Re8 13.Nf1 Bf8 14.Ng3 g6 15.a4 Bg7
16.Bd3 c6 17.Bg5 h6 18.Bd2 Qe7 19.Qc1 Qf8 20.b4 Nb6 21.dxe5 dxe5 22.Be3 Nfd7
23.a5 Nc8 24.Rd1 Nd6 25.Ra2 Bc8 26.Rad2 Qe7 27.Be2 Nb7 28.Rd3 Kh7 29.c4 Nf8
30.cxb5 cxb5 31.Rc3 Qxb4 32.Rc7 Ne6 33.Rxf7 Nd6 34.Rxg7+ Kxg7 35.Bxh6+ Kh7
36.Bd2 Qc5 37.Ng5+ Kg8 38.Qxc5 Nxc5 39.Bb4 Ndb7 40.Rd5 Nd7 41.Nf3 Nd8 42.Bd1 Nf7
43.Bb3 Kg7 44.Rd3 Ra7 45.Rc3 Nf6 46.Rc6 Rd7 47.Bc3 Bb7 48.Rb6 Rc8 49.Bb2 Rc6
50.Rxc6 Bxc6 51.Bxf7 Rxf7 52.Nxe5 Rc7 53.Ng4 Rf7 54.f4 b4 55.Kf2 b3 56.Ke3 Rb7
57.Nxf6 Kf8 58.Ne2 Rb5 59.Kd3 Rxa5 60.Nd4 Ra2 61.Kc3 Ba4 62.Nd5 Be8 63.Kxb3 Ra4
64.f5 gxf5 65.exf5 Bb5 66.Nxb5 axb5 67.g4 Re4 68.g5 Rh4 69.g6 Rh5 70.g7+  1-0

[Event "6th Parsvnath Open"]
[Site "New Delhi IND"]
[Date "2008.01.18"]
[Round "8"]
[White "Dole,A"]
[Black "Singh,Ri"]
[Result "1-0"]
[WhiteElo "1879"]
[BlackElo "2282"]

1.e4 e5 2.Nf3 Nc6 3.Bb5 a6 4.Ba4 Nf6 5.O-O Be7 6.Re1 b5 7.Bb3 d6 8.c3 O-O
9.h3 Nb8 10.d4 Nbd7 11.Nbd2 Bb7 12.Bc2 Re8 13.Nf1 Bf8 14.Ng3 g6 15.a4 Bg7
16.Bd3 c6 17.Be3 Qc7 18.dxe5 dxe5 19.Qc1 Nf8 20.c4 b4 21.c5 a5 22.Nd2 Red8
23.Bc4 Bc8 24.Qc2 h6 25.Rad1 Nd5 26.exd5 cxd5 27.Bb3 d4 28.Bxh6 Bxh6 29.Nc4 Bg7
30.Nb6 Ra7 31.Nxc8 Qxc8 32.Ne4 Ne6 33.Rd3 Rc7 34.Rf3 Nf4 35.Qb1 Qd7 36.Nd6 Rf8
37.Rxf4 exf4 38.Qxg6 Rxc5 39.Nxf7 Rxf7 40.Bxf7+ Qxf7 41.Re8+ Qxe8 42.Qxe8+ Kh7
43.Qe4+ Kg8 44.Qd3 Kf7 45.g3 fxg3 46.fxg3 Re5 47.Kf2 Bf6 48.h4 Re3 49.Qc4+ Kg6
50.Qg8+ Kf5 51.g4+ Kf4 52.g5 Be5 53.Qd5 Kg4 54.Qc4 Kh3 55.Qc1 Bg3+ 56.Kf1 Kxh4
57.g6 Be5 58.Qd1 Kg3 59.Qh5 d3 60.Qg5+ Kf3 61.Qg2+ Kf4 62.g7 Rf3+ 63.Qxf3+ Kxf3
64.g8=Q  1-0

[Event "6th ch-PriFO Men"]
[Site "Kazan RUS"]
[Date "2008.01.28"]
[Round "6"]
[White "Ivanov,Ro"]
[Black "Ospennikov,D"]
[Result "0-1"]
[WhiteElo "2345"]
[BlackElo "2217"]

1.e4 e5 2.Nf3 Nc6 3.Bb5 a6 4.Ba4 Nf6 5.O-O Be7 6.Re1 b5 7.Bb3 d6 8.c3 O-O
9.h3 Nb8 10.d4 Nbd7 11.Nbd2 Bb7 12.Bc2 Re8 13.b3 Bf8 14.d5 c6 15.c4 Qc7 16.Bb2 a5
17.Rc1 Qb6 18.Re3 g6 19.g4 Be7 20.Bd3 Nc5 21.Bf1 h5 22.Nh2 hxg4 23.hxg4 bxc4
24.Nxc4 Qd8 25.dxc6 Bxc6 26.f3 Qb8 27.Qe1 Qa7 28.Kg2 Nh7 29.Rd1 Red8 30.Rc3 Ng5
31.Bc1 Nge6 32.Be3 Qb8 33.Rc2 Nxe4 34.Bb6 Nf4+ 35.Kg1 Ng5 36.Bxd8 Bxd8 37.Rxd6 Bb6+
38.Kh1 Nxf3 39.Nxf3 Bxf3+ 40.Kh2 e4 41.Rxb6 Qc7 42.Kg1 Rd8 43.Rd2 Rxd2 44.Qxd2 Ne2+
45.Qxe2 Qg3+ 46.Qg2 Bxg2 47.Bxg2 e3  0-1

[Event "Winter Open"]
[Site "Belgrade SRB"]
[Date "2008.01.30"]
[Round "9"]
[White "Damjanovic,L"]
[Black "Martic,I"]
[Result "1-0"]
[WhiteElo "2129"]
[BlackElo "2324"]

1.e4 e5 2.Nf3 Nc6 3.Bb5 a6 4.Ba4 Nf6 5.O-O Be7 6.Re1 b5 7.Bb3 d6 8.c3 O-O
9.h3 Nb8 10.d4 Nbd7 11.Nh4 exd4 12.cxd4 Nb6 13.Bc2 c5 14.Nd2 cxd4 15.Ndf3 Bd7
16.Nxd4 g6 17.Bg5 Rc8 18.Qf3 Ng4 19.Bxe7 Qxe7 20.Nhf5 gxf5 21.hxg4 fxg4 22.Qd3 Qe5
23.f4 Qxf4 24.e5 Rxc2 25.Nxc2 Nc4 26.exd6 Bf5 27.Qd5 Be6 28.Qd4 Qxd6 29.Qxd6 Nxd6
30.Nd4 Bc8 31.Rad1 Kg7 32.Nc6 Nf5 33.Re5 Be6 34.Rf1 Rc8 35.Nb4 Ng3 36.Rfe1 a5
37.Nd3 Rc2 38.Nf4 Bd7 39.Rd1 Bf5 40.Kh2 Kf6 41.Rxb5 Ne4 42.Nd5+ Kg5 43.Ne3 g3+
44.Kg1 Rf2 45.Rxf5+ Rxf5 46.Nxf5 Kxf5 47.Rd5+ Kf4 48.Rxa5 f5 49.b4 h5 50.b5 h4
51.Ra3 h3 52.gxh3  1-0

[Event "Velammal 45th National A ch-IND"]
[Site "Chennai IND"]
[Date "2008.02.05"]
[Round "3"]
[White "Shashikant,K"]
[Black "Sundararajan,K"]
[Result "0-1"]
[WhiteElo "2316"]
[BlackElo "2442"]

1.e4 e5 2.Nf3 Nc6 3.Bb5 a6 4.Ba4 Nf6 5.O-O Be7 6.Re1 b5 7.Bb3 d6 8.c3 O-O
9.h3 Nb8 10.d4 Nbd7 11.Nbd2 Bb7 12.Bc2 Re8 13.Nf1 Bf8 14.Ng3 g6 15.b3 Bg7
16.Bg5 h6 17.Bd2 d5 18.dxe5 Nxe5 19.Nxe5 Rxe5 20.f4 Rxe4 21.Nxe4 Nxe4 22.Bxe4 dxe4
23.Qc2 Qh4 24.Be3 Rd8 25.Rad1 Rd3 26.Bf2 Qd8 27.Qe2 Qd5 28.Bd4 Bxd4+ 29.cxd4 Qxd4+
30.Kf1 c5 31.Rxd3 exd3 32.Qe8+ Kg7 33.Qe5+ Qxe5 34.Rxe5 c4 35.bxc4 bxc4 36.Rc5 Bxg2+
37.Ke1 Bxh3 38.Rxc4 h5 39.Rc6 h4 40.Rxa6 d2+ 41.Kxd2 Bg2 42.Ra3 h3 43.Rg3 h2
44.Rxg2 h1=Q 45.Rf2 Qa1 46.Ke3 Qc3+ 47.Ke2 Kf6  0-1

[Event "Velammal 45th National A ch-IND"]
[Site "Chennai IND"]
[Date "2008.02.09"]
[Round "7"]
[White "Gopal,G"]
[Black "Adhiban,B"]
[Result "1/2-1/2"]
[WhiteElo "2528"]
[BlackElo "2401"]

1.e4 e5 2.Nf3 Nc6 3.Bb5 a6 4.Ba4 Nf6 5.O-O Be7 6.Re1 b5 7.Bb3 d6 8.c3 O-O
9.h3 Nb8 10.d4 Nbd7 11.Nbd2 Bb7 12.Bc2 Re8 13.Nf1 Bf8 14.Ng3 g6 15.b3 d5
16.Bg5 h6 17.Bh4 g5 18.Nxg5 hxg5 19.Bxg5 exd4 20.e5 Rxe5 21.Rxe5 Nxe5 22.cxd4 Nc6
23.Qd3 Be7 24.Bxf6 Bxf6 25.Qh7+ Kf8 26.Nh5 Bxd4 27.Qh6+ Ke8 28.Re1+ Ne7 29.Bf5 Bc8
30.Qc6+ Kf8 31.Qh6+ Ke8 32.Qc6+  1/2-1/2

[Event "Velammal 45th National A ch-IND"]
[Site "Chennai IND"]
[Date "2008.02.10"]
[Round "8"]
[White "Vishnu,P"]
[Black "Mohota,N"]
[Result "0-1"]
[WhiteElo "2340"]
[BlackElo "2409"]

1.e4 e5 2.Nf3 Nc6 3.Bb5 a6 4.Ba4 Nf6 5.O-O Be7 6.Re1 b5 7.Bb3 d6 8.c3 O-O
9.h3 Nb8 10.d4 Nbd7 11.Nbd2 Bb7 12.Bc2 Re8 13.Nf1 Bf8 14.Ng3 g6 15.a4 Bg7
16.Bd3 c6 17.Bg5 Nf8 18.Qd2 Ne6 19.Be3 Nd7 20.Bf1 Qc7 21.Nh2 b4 22.dxe5 bxc3
23.Qxc3 Nxe5 24.Qd2 d5 25.f4 d4 26.Bf2 Bh6 27.Qc2 Bxf4 28.Bd3 c5 29.b3 a5
30.Ngf1 Nxd3 31.Qxd3 Ng5 32.Ng4 Qc6 33.Bg3 Bxg3 34.Nxg3 f5 35.Nh6+ Kh8 36.Qd2 Nxe4
37.Nxe4 fxe4 38.Qg5 e3 39.Ra2 Re6 40.Nf7+ Kg7 41.Nd8 Rxd8 42.Qxd8 Qd6 43.Qxa5 d3
44.Qc3+ Qd4 45.Qxd4+ cxd4 46.b4 Bd5 47.Rb2 Rc6 48.b5 Rc2 49.Reb1 Rxb2  0-1

[Event "Velammal 45th National A ch-IND"]
[Site "Chennai IND"]
[Date "2008.02.13"]
[Round "11"]
[White "Vishnu,P"]
[Black "Ashwath,R"]
[Result "1/2-1/2"]
[WhiteElo "2340"]
[BlackElo "2332"]

1.e4 e5 2.Nf3 Nc6 3.Bb5 a6 4.Ba4 Nf6 5.O-O Be7 6.Re1 b5 7.Bb3 d6 8.c3 O-O
9.h3 Nb8 10.d4 Nbd7 11.Nbd2 Bb7 12.Bc2 Re8 13.Nf1 Bf8 14.Ng3 g6 15.a4 Bg7
16.Bd3 c6 17.Bg5 Qc7 18.Qd2 Nf8 19.Bf1 Ne6 20.Be3 Nd7 21.Red1 Rad8 22.b4 Nb6
23.a5 Nc8 24.Rac1 d5 25.exd5 Rxd5 26.Qa2  1/2-1/2

[Event "Doeberl Cup"]
[Site "Canberra AUS"]
[Date "2008.03.20"]
[Round "2"]
[White "Solomon,SJ"]
[Black "Rej,T"]
[Result "1-0"]
[WhiteElo "2468"]
[BlackElo "2283"]

1.e4 e5 2.Nf3 Nc6 3.Bb5 a6 4.Ba4 Nf6 5.O-O Be7 6.Re1 b5 7.Bb3 d6 8.c3 O-O
9.h3 Nb8 10.d4 Nbd7 11.Nbd2 Bb7 12.Bc2 Re8 13.Nf1 Bf8 14.Ng3 g6 15.a4 c5
16.d5 c4 17.Bg5 h6 18.Be3 Nc5 19.Qd2 h5 20.Bg5 Be7 21.Ra3 Nh7 22.Bh6 Bf6
23.Rea1 Rb8 24.axb5 axb5 25.Be3 Qc7 26.Qd1 Ra8 27.Ne2 Nf8 28.g4 Rxa3 29.Rxa3 hxg4
30.hxg4 Bc8 31.g5 Bd8 32.Kg2 Nh7 33.Qh1 Bg4 34.Qh6 Qe7 35.Ng3 Bxf3+ 36.Kxf3 Nxg5+
37.Ke2 Nh7 38.Ra1 Qh4 39.Nf5 Qxh6 40.Nxh6+ Kf8 41.Ra7 Re7 42.Ra8 Rd7 43.Rb8 Kg7
44.Ng4 Nb7 45.Bh6+ Kg8 46.Bg5 Kg7 47.Bxd8 Nxd8 48.Rxb5 Rb7 49.Rxb7 Nxb7 50.Ne3 Na5
51.f3 Nf6 52.Ba4 Nh5 53.Bb5 Nf4+ 54.Kd2 Nb3+ 55.Kc2 Na5 56.Bxc4 Kf6 57.Ba6  1-0

[Event "ch-Siberia"]
[Site "Novokuznetsk RUS"]
[Date "2008.03.20"]
[Round "8"]
[White "Obolenskikh,D"]
[Black "Pokazanjev,N"]
[Result "0-1"]
[WhiteElo "2455"]
[BlackElo "2405"]

1.e4 e5 2.Nf3 Nc6 3.Bb5 a6 4.Ba4 Nf6 5.O-O Be7 6.Re1 b5 7.Bb3 d6 8.c3 O-O
9.h3 Nb8 10.d4 Nbd7 11.Nbd2 Bb7 12.Bc2 c5 13.Nf1 cxd4 14.cxd4 exd4 15.Ng3 Re8
16.Nxd4 d5 17.e5 Bb4 18.Bd2 Bxd2 19.Qxd2 Rxe5 20.Nf3 Rxe1+ 21.Rxe1 Nc5 22.Nf5 Nfe4
23.Qd4 Ne6 24.Qe5 Qf8 25.Bb3 Rd8 26.Rd1 Nd6 27.Nxd6 Qxd6 28.Qxd6 Rxd6 29.Nd4 Nxd4
30.Rxd4 Kf8 31.f3 Ke7 32.Kf2 Rd8 33.Ke3 Kd6 34.Rg4 g6 35.Rh4 h5 36.Rf4 f5
37.Rd4 g5 38.h4 Ke5 39.hxg5 f4+ 40.Kd3 h4 41.a4 Bc6 42.Kc3 Rc8 43.Rd2 bxa4
44.Bc2 a5 45.Re2+ Kd6 46.Re1 a3 47.b3 Bb5+ 48.Kd2 Rg8 49.g6 Be8 50.Ra1 Bxg6
51.Rxa3 Bxc2 52.Kxc2 Rxg2+ 53.Kd3 Ke5 54.Rxa5 Rf2 55.b4 Rxf3+ 56.Ke2 Rb3  0-1

[Event "ch-TUR"]
[Site "Ankara TUR"]
[Date "2008.03.23"]
[Round "1"]
[White "Firat,B"]
[Black "Ataman,A"]
[Result "1/2-1/2"]
[WhiteElo "2182"]
[BlackElo "2209"]

1.e4 e5 2.Nf3 Nc6 3.Bb5 a6 4.Ba4 Nf6 5.O-O Be7 6.Re1 b5 7.Bb3 d6 8.c3 O-O
9.h3 Nb8 10.d4 Nbd7 11.Nbd2 Bb7 12.Bc2 Re8 13.Nf1 Bf8 14.Ng3 g6 15.b3 a5
16.d5 c6 17.c4 Nc5 18.Be3 Nfd7 19.Rb1 bxc4 20.bxc4 Qc7 21.Nd2 Ba6 22.Qf3 Bg7
23.Rec1 Rab8 24.Nb3 Nxb3 25.Bxb3 c5 26.Qd1 Rf8 27.Qc2 Nb6 28.a4 Nd7 29.Bd2 Rb4
30.Ne2 f5 31.Bxb4 axb4 32.a5 fxe4 33.Ng3 Nf6 34.Ra1 Bh6 35.Re1 Bf4 36.Nf1 Qa7
37.Ba4 Rb8 38.Qb3 Bc8 39.Bc6 Bf5 40.a6 Bc8 41.Qa4 Rb6 42.Bb5 Bg5 43.Qa5 Nd7
44.Bxd7 Rxa6 45.Qb5 Rxa1 46.Rxa1 Qxa1 47.Bxc8 e3 48.Be6+ Kg7 49.Qd7+ Kh6
50.Bg8 exf2+ 51.Kxf2 Qd4+ 52.Ke1 Qe4+ 53.Kf2 Qd4+ 54.Ke1 Qe4+  1/2-1/2

[Event "XXXV Open"]
[Site "La Roda ESP"]
[Date "2008.03.23"]
[Round "9"]
[White "Garcia Romero,B"]
[Black "Roa Alonso,S"]
[Result "1/2-1/2"]
[WhiteElo "2227"]
[BlackElo "2474"]

1.e4 e5 2.Nf3 Nc6 3.Bb5 a6 4.Ba4 Nf6 5.O-O Be7 6.Re1 b5 7.Bb3 d6 8.c3 O-O
9.h3 Nb8 10.d4 Nbd7 11.c4 c6 12.c5 Qc7 13.cxd6 Bxd6 14.Bg5 exd4 15.Bxf6 gxf6
16.Nxd4 Ne5 17.Nf5 Bxf5 18.exf5 Rad8 19.Re4 Kh8 20.Qh5 Rg8 21.Nc3 Rg5 22.Qe2 Bc5
23.Rxe5 Qxe5 24.Qxe5 fxe5 25.Ne4 Rdg8 26.Nxg5 Rxg5 27.Rc1 Bd4 28.Rxc6 Rxf5
29.Rc2 Kg7  1/2-1/2

[Event "ch-TUR"]
[Site "Ankara TUR"]
[Date "2008.03.26"]
[Round "4"]
[White "Secer,A"]
[Black "Ataman,A"]
[Result "1-0"]
[WhiteElo "2308"]
[BlackElo "2209"]

1.e4 e5 2.Nf3 Nc6 3.Bb5 a6 4.Ba4 Nf6 5.O-O Be7 6.Re1 b5 7.Bb3 O-O 8.c3 d6
9.h3 Nb8 10.d4 Nbd7 11.Nbd2 Bb7 12.Bc2 Re8 13.Nf1 Bf8 14.Ng3 g6 15.a4 c5
16.d5 c4 17.Bg5 h6 18.Be3 Nc5 19.Qd2 h5 20.Bg5 Be7 21.Ra3 Nfd7 22.Be3 Bf6
23.Rea1 Nb6 24.axb5 axb5 25.Rxa8 Bxa8 26.Qc1 Nba4 27.Nd2 Qd7 28.Ra3 Bb7 29.Qa1 Nb6
30.Qd1 h4 31.Ngf1 Bc8 32.Nf3 Nba4 33.Ra2 Kg7 34.N3d2 Nb6 35.Nf3 Nca4 36.Qa1 Qd8
37.N1d2 Nc5 38.Ra7 Re7 39.Rxe7 Bxe7 40.Bxc5 dxc5 41.Qa5 Bg5 42.Nf1 Bf4 43.Qxb5 Qd6
44.Nxh4 Bc1 45.Ne3 Bd7 46.Nxc4 Nxc4 47.Qxc4 Bxb2 48.Nf3 Bc1 49.Ba4 Bc8 50.Qb5 Qf6
51.Qc6 Qxc6 52.Bxc6 Kf6 53.d6 Ke6 54.d7 Bxd7 55.Bxd7+ Kxd7 56.Nxe5+ Ke6 57.Nd3 Ba3
58.c4 Bb4 59.Kf1 Bc3 60.Ke2 Bd4 61.Kd2 f5 62.exf5+ Kxf5 63.f3 Kg5 64.g3 Bg1
65.Ke2 Bd4 66.f4+  1-0

[Event "FKB ch-USA Qualifier"]
[Site "Tulsa USA"]
[Date "2008.03.29"]
[Round "4"]
[White "Jamison,C"]
[Black "Santarius,E"]
[Result "0-1"]
[WhiteElo "1979"]
[BlackElo "2125"]

1.e4 e5 2.Nf3 Nc6 3.Bb5 a6 4.Ba4 Nf6 5.O-O Be7 6.Re1 b5 7.Bb3 d6 8.c3 O-O
9.h3 Nb8 10.d4 Nbd7 11.Nbd2 Bb7 12.Bc2 Re8 13.Nf1 Bf8 14.Ng3 c6 15.Nh2 d5
16.f4 exf4 17.Bxf4 dxe4 18.Nxe4 c5 19.Nxf6+ Qxf6 20.Qg4 Qc6 21.Nf3 cxd4 22.Nxd4 Bc5
23.Be3 Nf6 24.Qg3 Rxe3 25.Rxe3 Bxd4 26.Bxh7+ Kxh7 27.cxd4 Rd8 28.Qh4+ Kg8
29.Rg3 Re8 30.Rf1 Ne4 31.Rg4 g6 32.Qh6 Qd6 33.Rd1 Qf6 34.Rf4 Qg7 35.Qxg7+ Kxg7
36.d5 Nd6 37.Kf2 Rc8 38.Rd2 f5 39.Ke1 Kf6 40.Rfd4 Ke5  0-1

[Event "Japfa WGM"]
[Site "Jakarta INA"]
[Date "2008.04.15"]
[Round "1"]
[White "Pokorna,Reg"]
[Black "Krivec,J"]
[Result "1/2-1/2"]
[WhiteElo "2352"]
[BlackElo "2362"]

1.e4 e5 2.Nf3 Nc6 3.Bb5 a6 4.Ba4 Nf6 5.O-O Be7 6.Re1 b5 7.Bb3 d6 8.c3 O-O
9.h3 Nb8 10.d4 Nbd7 11.Nbd2 Bb7 12.Bc2 Re8 13.Nf1 Bf8 14.Ng3 g6 15.a4 c5
16.d5 c4 17.Nh2 h5 18.Bg5 Qc7 19.Qd2 Nh7 20.Bh6 Nc5 21.Bxf8 Rxf8 22.axb5  1/2-1/2

[Event "ch-UZB"]
[Site "Tashkent UZB"]
[Date "2008.04.26"]
[Round "3"]
[White "Kvon,A"]
[Black "Safin,S"]
[Result "1/2-1/2"]
[WhiteElo "2426"]
[BlackElo "2481"]

1.e4 e5 2.Nf3 Nc6 3.Bb5 a6 4.Ba4 Nf6 5.O-O Be7 6.Re1 b5 7.Bb3 d6 8.c3 O-O
9.h3 Nb8 10.d4 Nbd7 11.Nbd2 Bb7 12.Bc2 Re8 13.a4 Bf8 14.Bd3 c6 15.b3 g6 16.Qc2 Rc8
17.Bb2 Nh5 18.Bf1 Bg7 19.Rad1 Qb6 20.b4 Rcd8 21.Nb3 Nf4 22.Bc1 Ne6 23.Be3 bxa4
24.Na5 exd4 25.cxd4 d5 26.exd5 cxd5 27.Qxa4 Nc7 28.Nxb7 Qxb7 29.Bg5 Nb6 30.Qa2 Rxe1
31.Rxe1 Ra8 32.Be7 Ne6  1/2-1/2

[Event "ch-UZB"]
[Site "Tashkent UZB"]
[Date "2008.04.29"]
[Round "6"]
[White "Faizulaev,A"]
[Black "Safin,S"]
[Result "1/2-1/2"]
[WhiteElo "2267"]
[BlackElo "2481"]

1.e4 e5 2.Nf3 Nc6 3.Bb5 a6 4.Ba4 Nf6 5.O-O Be7 6.Re1 b5 7.Bb3 d6 8.c3 O-O
9.h3 Nb8 10.d4 Nbd7 11.Nbd2 Bb7 12.Bc2 Re8 13.Nf1 Bf8 14.Bg5 h6 15.Bh4 g6
16.dxe5 dxe5 17.N3h2 Be7 18.Qf3 Nh7 19.Bxe7 Qxe7 20.Rad1 Nb6 21.Qe3 h5 22.b3 Ng5
23.Nf3 Nxf3+ 24.Qxf3 Kg7 25.Ne3 Qf6 26.Qe2 c5 27.c4 Bc6 28.Bd3 b4 29.Nd5 Qd8
30.Qe3 Nd7 31.Bc2 Qa5 32.Bb1 Rac8 33.Qg3 Bxd5 34.exd5 Rcd8 35.Re3 Qb6 36.Rde1 Qf6
37.Rf3 Qd6 38.Rfe3 Re7 39.Qg5 Qf6 40.h4 Rde8 41.f4 Qxg5 42.hxg5 f5 43.gxf6+ Kxf6
44.Rg3 e4 45.Rg5 Nf8 46.d6 Re6 47.Rxc5 Rxd6 48.Re5 Rxe5 49.fxe5+ Kxe5 50.Bxe4 Kd4
51.Rd1+ Kc5 52.Rf1 Nd7 53.Rf7 Ne5 54.Rc7+ Kd4 55.Bb7 Nd3 56.Kh2 a5 57.Bf3 Nc5
58.Bc6 Re6 59.Bf3 Re5 60.Ra7 Nd3 61.Bd5 Nf4 62.Rxa5 Nxd5 63.cxd5 Rxd5 64.Ra6 g5  1/2-1/2

[Event "Victory Day A"]
[Site "Moscow RUS"]
[Date "2008.05.01"]
[Round "8"]
[White "Mongontuul,B"]
[Black "Khruschiov,A"]
[Result "1/2-1/2"]
[WhiteElo "2402"]
[BlackElo "2514"]

1.e4 e5 2.Nf3 Nc6 3.Bb5 a6 4.Ba4 Nf6 5.O-O Be7 6.Re1 b5 7.Bb3 O-O 8.h3 d6
9.c3 Nb8 10.d4 Nbd7 11.Nbd2 Bb7 12.Bc2 Re8 13.Nf1 Bf8 14.Ng3 g6 15.b3 Bg7
16.Bb2 d5 17.dxe5 Nxe4 18.Nxe4 dxe4 19.Bxe4 Bxe4 20.Rxe4 Nxe5 21.Nxe5 Qxd1+
22.Rxd1 Rxe5 23.Red4 Rae8 24.Rd8 Re1+ 25.Rxe1 Rxd8 26.Re2 Rd1+ 27.Kh2 Bf6
28.c4 Bxb2  1/2-1/2

[Event "III Tch-ESP Selecciones Autonomicas"]
[Site "Melilla ESP"]
[Date "2008.05.02"]
[Round "5"]
[White "Almagro Llamas,P"]
[Black "Oms Pallise,J"]
[Result "1/2-1/2"]
[WhiteElo "2472"]
[BlackElo "2524"]

1.e4 e5 2.Nf3 Nc6 3.Bb5 a6 4.Ba4 Nf6 5.O-O Be7 6.Re1 b5 7.Bb3 d6 8.c3 O-O
9.h3 Nb8 10.d4 Nbd7 11.Nbd2 Bb7 12.Bc2 Re8 13.Nf1 Bf8 14.Ng3 g6 15.b3 Bg7
16.a4 c6 17.Be3 Qe7 18.Qd2 Nf8 19.Bh6 N6d7 20.Nh2 Bxh6 21.Qxh6 Ne6 22.Rad1 Nf6
23.Nf5 gxf5 24.exf5 Nf4 25.Nf3 N6d5 26.dxe5 dxe5 27.Rxd5 Nxd5 28.f6 Qxf6
29.Bxh7+ Kh8 30.Bg6+ Kg8 31.Bh7+  1/2-1/2

[Event "I Open"]
[Site "Augustow POL"]
[Date "2008.05.11"]
[Round "2"]
[White "Bartoszewicz,M"]
[Black "Koziak,V"]
[Result "0-1"]
[WhiteElo "1992"]
[BlackElo "2484"]

1.e4 e5 2.Nf3 Nc6 3.Bb5 a6 4.Ba4 Nf6 5.O-O Be7 6.Re1 b5 7.Bb3 d6 8.c3 O-O
9.h3 Nb8 10.d4 Nbd7 11.a4 Bb7 12.Nbd2 c5 13.d5 c4 14.Bc2 Nc5 15.Nf1 Nfd7
16.axb5 axb5 17.Rxa8 Qxa8 18.Ng3 g6 19.Bh6 Rb8 20.Qa1 Ba6 21.Bd2 Bd8 22.Rf1 Bb6
23.Qd1 Bc8 24.Bc1 Qa2 25.Qd2 Nf8 26.Qh6 Bd8 27.Nh2 b4 28.cxb4 Na6 29.Bb1 Qxb1
30.Qxf8+ Kxf8 31.Bh6+ Ke8 32.Rxb1 Nxb4 33.Bd2 Nd3 34.Bc3 Bb6 35.Kf1 Bxf2
36.Ne2 f5 37.Ra1 fxe4 38.Ra4 Bc5 39.Rxc4 Ba6 40.Rxe4 Nc1 41.Ke1 Nxe2 42.Rxe2 Bxe2
43.Kxe2 Bd4 44.Bxd4 exd4  0-1

[Event "I Open"]
[Site "Augustow POL"]
[Date "2008.05.13"]
[Round "5"]
[White "Sabuk,P"]
[Black "Grabowski,Ad"]
[Result "1-0"]
[WhiteElo "2044"]
[BlackElo "1771"]

1.e4 e5 2.Nf3 Nc6 3.Bb5 a6 4.Ba4 Nf6 5.O-O Be7 6.Re1 b5 7.Bb3 d6 8.c3 O-O
9.h3 Nb8 10.d4 Nbd7 11.Nbd2 Bb7 12.Bc2 Re8 13.Nf1 Bf8 14.Ng3 g6 15.a4 Nb6
16.axb5 axb5 17.Rxa8 Qxa8 18.Bg5 Bg7 19.d5 Qa2 20.b3 Ra8 21.Qd3 Ba6 22.Qd2 Nfd7
23.Rb1 Nc5 24.Qc1 Bc8 25.Nd2 h5 26.b4 Ncd7 27.Nb3 Qa3 28.Qd1 Qa7 29.Be3 Qb8
30.Na5 Nc4 31.Nxc4 bxc4 32.Ba4 Nb6 33.Bc6 Ra3 34.Qc1 Qa7 35.Bb5 h4 36.Nf1 f5
37.Nd2 fxe4 38.Nxc4 Ra2 39.Bxb6 cxb6 40.Nxd6 Ba6 41.Bxa6 Qxa6 42.Qe3 Re2
43.Qg5 Qa2 44.Rf1 Qxd5 45.Qxg6 Qc6 46.Qe6+ Kh7 47.Qf5+ Kg8 48.Qf7+ Kh7 49.Qh5+ Kg8
50.Qxe2 Qxd6 51.Qxe4 Qd2 52.Qxh4 Qxc3 53.Rd1 Qxb4  1-0

[Event "III President's Cup"]
[Site "Baku AZE"]
[Date "2008.05.13"]
[Round "2"]
[White "Hasanov,Shakhr"]
[Black "Kazhgaleyev,M"]
[Result "0-1"]
[WhiteElo "2255"]
[BlackElo "2617"]

1.e4 e5 2.Nf3 Nc6 3.Bb5 a6 4.Ba4 Nf6 5.O-O Be7 6.Re1 b5 7.Bb3 d6 8.c3 O-O
9.h3 Nb8 10.d4 Nbd7 11.Nbd2 Bb7 12.a4 c5 13.d5 g6 14.Nf1 Nh5 15.Bh6 Ng7 16.g4 Kh8
17.Ng3 Nf6 18.Bc2 Rb8 19.Qd2 Bc8 20.b4 cxb4 21.cxb4 Ng8 22.Bxg7+ Kxg7 23.axb5 axb5
24.Bd3 h5 25.gxh5 Bxh3 26.Kh2 Bg4 27.Be2 Bxf3 28.Bxf3 Bg5 29.Qe2 Rb7 30.Ra6 Bf4
31.Kg2 Nf6 32.hxg6 fxg6 33.Rea1 Rbf7 34.Ra7 Qb6 35.Rxf7+ Rxf7 36.Ra5 Bxg3
37.fxg3 Qd4 38.Rxb5 Nh7 39.Kh2 Ng5 40.Bg2 Rf2 41.Rb7+ Nf7 42.Qg4 Qd2 43.Qh3 g5
44.g4 Rf6 45.Qh5 Qf4+  0-1

[Event "43rd Capablanca Memorial Open"]
[Site "Havana CUB"]
[Date "2008.05.14"]
[Round "7"]
[White "Gomez Garrido,C"]
[Black "Bacallao,Y"]
[Result "1-0"]
[WhiteElo "2408"]
[BlackElo "2441"]

1.e4 e5 2.Nf3 Nc6 3.Bb5 a6 4.Ba4 Nf6 5.O-O Be7 6.Re1 b5 7.Bb3 d6 8.c3 O-O
9.h3 Nb8 10.d4 Nbd7 11.Nbd2 Bb7 12.Bc2 c5 13.d5 c4 14.Nf1 Qc7 15.N3h2 a5
16.f4 b4 17.f5 Nc5 18.g4 Nfd7 19.g5 bxc3 20.bxc3 Nd3 21.Bxd3 cxd3 22.Bd2 Bd8
23.Ng4 Nb6 24.f6 g6 25.Qf3 Nc4 26.Rad1 Nxd2 27.Rxd2 Qxc3 28.Qxd3 Qc5+ 29.Kg2 Bb6
30.Nh6+ Kh8 31.Ne3 Ba6 32.Qc2 Qxc2 33.Nxc2 Rac8 34.Ne3 Rc3 35.Neg4 Bc5 36.Rb2 Bb4
37.Re3 Bd3 38.Kf3 Rfc8 39.Rxb4 axb4 40.Nxf7+ Kg8 41.Nxd6 Rd8 42.Nxe5 Bb1
43.Nb5 Bxe4+ 44.Kxe4 Rxe3+ 45.Kd4 Re2 46.Nc7 Rxa2 47.f7+ Kh8 48.Ne6 Rd2+
49.Nd3 b3 50.Nxd8 Kg7 51.Kc3 b2 52.Ne5 Rf2 53.Ne6+  1-0

[Event "43rd Capablanca Memorial Open"]
[Site "Havana CUB"]
[Date "2008.05.15"]
[Round "8"]
[White "Martinez,Lel"]
[Black "Blanco,H"]
[Result "1-0"]
[WhiteElo "2499"]
[BlackElo "2422"]

1.e4 e5 2.Nf3 Nc6 3.Bb5 a6 4.Ba4 Nf6 5.O-O Be7 6.Re1 b5 7.Bb3 d6 8.c3 O-O
9.h3 Nb8 10.d4 Nbd7 11.Nbd2 Bb7 12.Bc2 Re8 13.Nf1 Bf8 14.Ng3 g6 15.a4 c5
16.d5 c4 17.Bg5 h6 18.Be3 Nc5 19.Qd2 h5 20.Bg5 Be7 21.Ra3 Nfd7 22.Bh6 Bf8
23.Rea1 Bxh6 24.Qxh6 Qf6 25.Nf1 Reb8 26.N1d2 Nb6 27.Qe3 bxa4 28.Rf1 Bc8 29.Ng5 Qf4
30.Qxf4 exf4 31.Ngf3 Bd7 32.Nd4 Re8 33.Rd1 Bb5 34.h4 Re7 35.f3 Rae8 36.Kf2 f5
37.exf5 Nxd5 38.Ne4 Ne3 39.Rd2 Nxe4+ 40.Bxe4 d5 41.f6 Rxe4 42.fxe4 Rxe4 43.Nf3 Ng4+
44.Kf1 Nxf6 45.Ra1 Ng4 46.Re1 Ne3+ 47.Kg1 Kg7 48.Ng5 Re5 49.Rd4 Kf6 50.Rxf4+ Rf5
51.Rxf5+ Nxf5 52.Re6+ Kg7 53.Nf3 Kf7 54.Re5 Bc6 55.Rxf5+  1-0

[Event "43rd Capablanca Memorial Open"]
[Site "Havana CUB"]
[Date "2008.05.17"]
[Round "10"]
[White "Delgado,H"]
[Black "Glud,J"]
[Result "1/2-1/2"]
[WhiteElo "2394"]
[BlackElo "2456"]

1.e4 e5 2.Nf3 Nc6 3.Bb5 a6 4.Ba4 Nf6 5.O-O Be7 6.Re1 b5 7.Bb3 d6 8.c3 O-O
9.h3 Nb8 10.d4 Nbd7 11.Nbd2 Bb7 12.Bc2 c5 13.d5 g6 14.Nf1 Nh5 15.Bh6 Ng7
16.g4 Nf6 17.Ng3 Kh8 18.a4 Ng8 19.Be3 bxa4 20.Kh2 Bc8 21.Qb1 Ra7 22.Rg1 h5
23.gxh5 Qd7 24.Qf1 Qb5 25.Bd3 Qd7 26.Qg2 Bf6 27.Nd2 Bh4 28.h6 Ne8 29.Nc4 Qd8
30.f4 exf4 31.Bxf4 Bg5 32.Qd2 Bxf4 33.Qxf4 Qf6 34.Qxf6+ Ngxf6 35.Rgf1 Nd7
36.Rf2 Kh7 37.Raf1 f6 38.Bc2 a3 39.bxa3 Kxh6 40.Ba4 Rb7 41.h4 Nb6 42.Nxb6 Rxb6
43.Bxe8 Rxe8 44.Rxf6 Rb2+ 45.R1f2 Rxf2+ 46.Rxf2 Kg7 47.Kg2 Rh8 48.Rf4 Bd7
49.e5 dxe5 50.Rc4 Bb5 51.Rxc5 Rxh4 52.Rc7+ Kf6 53.Kf3 e4+ 54.Kg2 Ke5 55.c4 Kd6
56.Rc8 Bd7 57.Rd8 Kc7 58.Rg8 Kd6 59.Rd8 Kc7 60.Rg8 Kd6  1/2-1/2

[Event "Mayors Cup Open"]
[Site "Mumbai IND"]
[Date "2008.05.19"]
[Round "11"]
[White "Vishnu,S"]
[Black "Paramasivam,M"]
[Result "1-0"]
[WhiteElo "1931"]
[BlackElo "2131"]

1.e4 e5 2.Nf3 Nc6 3.Bb5 a6 4.Ba4 Nf6 5.O-O Be7 6.Re1 b5 7.Bb3 d6 8.c3 O-O
9.h3 Nb8 10.d4 Nbd7 11.Nbd2 Bb7 12.Bc2 Re8 13.Nf1 Bf8 14.Ng3 g6 15.a4 c5
16.d5 c4 17.Bg5 h6 18.Be3 Nc5 19.Qd2 h5 20.Bg5 Be7 21.Ra3 Rb8 22.Rea1 Bc8
23.axb5 axb5 24.Ra7 Rb7 25.Qe3 Rxa7 26.Rxa7 Ba6 27.Nxe5 Nxd5 28.exd5 Bxg5
29.Qf3 Qf6 30.Nxf7 Qxf3 31.gxf3 Bc1 32.Bxg6 Re1+ 33.Kg2 Bb7 34.Nxd6 Bxd5
35.Nxh5 Bg5 36.Rc7 Ne6 37.Bf7+ Kf8 38.Bxe6 Bxe6 39.Nxb5 Rb1 40.Nd4 Bf7 41.Rc5 Bc1
42.Ng3 Rxb2 43.Ndf5 Be6 44.Rc6 Bd5 45.Rc8+ Kf7 46.Nd6+ Ke7 47.Nxc4 Rb3 48.Nf5+ Kf6
49.Rf8+ Kg6 50.Ne5+ Kh7 51.c4 Bb2 52.cxd5 Bxe5 53.d6 Rd3 54.Re8 Bf4 55.d7 Rxd7
56.Re7+ Rxe7 57.Nxe7 Kh6 58.Nd5 Bb8 59.f4 Kg6 60.Kf3 Kh5 61.f5 Kh4 62.f6 Kg5
63.Ke4 Bd6 64.f4+ Kg6 65.h4 Bf8 66.Ke5 Kf7 67.Kf5 Ba3 68.Ne3  1-0

[Event "Mayors Cup Open"]
[Site "Mumbai IND"]
[Date "2008.05.19"]
[Round "11"]
[White "Debashis,D"]
[Black "Sriram,J"]
[Result "1-0"]
[WhiteElo "2294"]
[BlackElo "2452"]

1.e4 e5 2.Nf3 Nc6 3.Bb5 a6 4.Ba4 Nf6 5.O-O Be7 6.Re1 b5 7.Bb3 O-O 8.c3 d6
9.h3 Nb8 10.d4 Nbd7 11.Nbd2 Bb7 12.Bc2 Re8 13.Nf1 Bf8 14.Ng3 g6 15.b3 c6
16.Be3 Bg7 17.dxe5 dxe5 18.a4 Qc7 19.Qe2 Nf8 20.b4 Ne6 21.Bb3 Nd7 22.Red1 Rad8
23.axb5 axb5 24.c4 c5 25.cxb5 Nd4 26.Qa2 c4 27.Bxc4 Nb6 28.Bb3 Rd7 29.Rac1 Qd8
30.Ne1 h5 31.f3 Qf6 32.Bxd4 exd4 33.Nd3 Bh6 34.Rc5 Bf8 35.e5 Qe7 36.Re1 Qd8
37.e6 fxe6 38.Bxe6+ Kg7 39.Bxd7 Rxe1+ 40.Nxe1 Nxd7 41.Rc1 Bxb4 42.Nd3 Bd6
43.Ne4 Bxe4 44.fxe4 Qg5 45.Qf2 Ne5 46.Qxd4 Qg3 47.Ne1 Kh7 48.Qf2 Qg5 49.Rc8 h4
50.Qa7+ Be7 51.Rc7 Kh6 52.Rxe7 Nf3+ 53.Nxf3 Qc1+ 54.Kh2  1-0